00551 2200181 4500001002100000005001500021008004100036020001800077035001900095041000700114082001000121090001600131100002500147245009300172260004300265300003900308650002200347INLIS00000000000666520241224113329241224||||||||| | ||| |||| || |  a979-798-064-2 0010-1224006665 aid0 a616.7 a616.7 PIE d0 aDr. Peter J. D'Adamo00aDiet Sehat Golongan Darah untuk Mencegah dan Mengobati Artritis dan Gangguan Persendiaan aJakartabPT. Bhuana Ilmu Populerc2008 a23x15 cm, xxviii, 240 hlm.; ilus.: 0aIlmu-ilmu terapan